Cs. Pataj Mihály képei az NSZK-ban
Elmentve itt :
| Dokumentumtípus: | Cikk |
|---|---|
| Megjelent: |
1982-10-06
|
| Sorozat: | Délmagyarország
72 No. 234 |
| Kulcsszavak: | Pataj Mihály, Cs. |
| Online Access: | http://dmarchiv.bibl.u-szeged.hu/98415 |
| LEADER | 00410nab a2200145 i 4500 | ||
|---|---|---|---|
| 001 | delm98415 | ||
| 005 | 20190621133241.0 | ||
| 008 | 190621s1982 hu o 0|| hun d | ||
| 040 | |a SZTE Délmagyarország Archívum |b hun | ||
| 041 | |a hun | ||
| 245 | 0 | 0 | |a Cs. Pataj Mihály képei az NSZK-ban |h [elektronikus dokumentum] |
| 260 | |c 1982-10-06 | ||
| 300 | |a 8 | ||
| 490 | 0 | |a Délmagyarország |v 72 No. 234 | |
| 695 | |a Pataj Mihály, Cs. | ||